000 00363nam a2200133Ia 4500
008 210210b1976 xxu||||| |||| 00| 0 eng d
082 _aS891.8 KRIS
100 _aKRISHNAMOORTHI (K) and Others.
245 _aSanskrit text book for ix paper.
260 _aDharwar
_bKarnatak university
_c1976
300 _a44
690 _aSanskrit Miscellaneous
906 _a036178
999 _c86847
_d86847